000
00297nam a2200145Ia 4500
100
_a
Rao/Ketha Anuradha
942
_c
BK
654
_a
information
245
_a
Information theory
260
_b
Nandu
_a
Mumbai
_c
2002
082
_a
3.54
_b
RAO
300
_a
158
546
_a
ENGLISH
999
_c
26858
_d
26858